| 000 | 00592nam a22001817a 4500 | ||
|---|---|---|---|
| 003 | LK-CoDNM | ||
| 005 | 20241101143300.0 | ||
| 008 | 241025b |||||||| |||| 00| 0 eng d | ||
| 040 |
_aLK-CoDNM _dLK-CoDNM _eLK-CoDNM |
||
| 041 | _asin | ||
| 080 |
_aප්ර.ස _b23.6 |
||
| 245 |
_aසත්ය සමුච්චය _b4 - කාණ්ඩය _c1891 4 - 11 කලාප |
||
| 300 | _a88p. : iLL ; 28 CM | ||
| 650 | _aප්ර.ස 23.6 | ||
| 650 | _aසත්ය සමුච්චය | ||
| 650 | _a1891 4 - 11 කලාප | ||
| 942 | _cBK | ||
| 999 |
_c225674 _d225674 |
||